| 000 | 00721nam a2200217Ia 4500 | ||
|---|---|---|---|
| 001 | 17392 | ||
| 003 | GE_BSU | ||
| 008 | 181216s||||||||xx |||||||||||||| ||und|| | ||
| 040 | _cGE_BSU | ||
| 080 | _a82-93:821.353.1-32 | ||
| 100 | _aკუხიანიძე,ზურაბ | ||
| 245 | _aრიონის პირას | ||
| 245 | _bსაბავშვო მოთხრობები | ||
| 245 | _cრედ.:გ.კიკილაშვილი;მხატვ.:ი.ქლიბაძე | ||
| 260 | _aთბილისი | ||
| 260 | _bნაკადული | ||
| 260 | _c1964 | ||
| 300 | _a97 გვ.;20სმ | ||
| 653 | _aსაბავშვო მოთხრობები | ||
| 942 | _cBK | ||
| 999 |
_c50447 _d50447 |
||